000 01028nam0a22002771 4500
001 rc\2298314
005 20250623072933.0
035 _a(NLR Aleph) 006667146
090 _a4953469
_c4953469
100 _a20110829d1977 |||y0rusy50 ca
101 0 _arus
102 _aRU
105 _aa z |||||
200 1 _aНекоторые вопросы теплопередачи
_eКонспект лекций
_fБ.Г. Дорофеев
_gНовочеркас. политехн. ин-т им. Серго Орджоникидзе
210 _aНовочеркасск
_cНовочеркас. политехн. ин-т
_d1977
215 _a57 с.
_cил.
_d21
320 _aСписок лит.: с. 55-56 (8 назв.)
606 _aТеплопередача
_2rkp
700 1 _aДорофеев
_bБ.Г.
_gБорис Григорьевич
801 0 _aRU
_bNLR
_gpsbo
801 1 _aRU
_bELAR
_2rusmarc
852 _aNLR
_j77-4/23669
899 _aRuMoRGB
_jБ 77-55/1501
899 _aRuMoRGB
_jБ 77-55/1502
942 _cBOOK
980 _aNB